LEADER 01357nam a2200289 i 4500 001 000000073110 003 CaOOAMICUS 005 20090515000000.0 008 090515s1971 it u000 u ita u 013 $a44282 040 $aSeMil$bita 100 1 $aBurston, W. H.$0(OLS)http://semarc/name/36196 240 10$aStudies in the nature and teaching of history.$0(OLS)http://semarc/title/118039 245 10$aStruttura e insegnamento della storia /$cW. H. Burston ... [et al.] ; a cura di W. H. Burston e D. Thompson ; introduzione all'edizione italiana di Dario Antiseri. 260 $aRoma :$bA. Armando,$c1971. 300 $a301 p. ;$c22 cm. 490 0 $aFilosofia e problemi d'oggi ;$v7 500 $aIndicazione di resp. sul dorso: AA.VV. 650 4$aStoria - Insegnamento.$0(OLS)http://semarc/subject/7096 700 1 $aAntiseri, Dario,$d<1940- >.$0(OLS)http://semarc/name/3807 700 1 $aThompson, Donald <1935- >.$0(OLS)http://semarc/name/36197 830 0$aFilosofia e problemi d'oggi ;$v7.$0(OLS)http://semarc/title/7423 850 $aSeMil 852 $aSeMil$W1$xVenegono$y1$m2Q III 379$j39263$B39263$CSeMilBibl$Z2$F39266 $81 961 $aLascito: Panizza don Mario 996 $6245$aStruttura e insegnamento della storia$9(OLS)http://semarc/title/118038 996 $6260$aRoma :$bA. Armando$9(OLS)http://semarc/publisher/30005 LEADER 01419nam a2200301 i 4500 001 000000085863 003 CaOOAMICUS 005 20161021000000.0 008 161021s2015 it u000 u ita u 013 $a58103 020 $a978-88-5753-054-3 040 $aSeMil$bita 100 1 $aPeruzzotti, Francesca,$d<1984- >.$0(OLS)http://semarc/name/39702 245 13$aLo scritto e il suo lettore :$bin ascolto di Jean-Louis Chrétien, Martin Heidegger, Jean-Luc Marion /$cFrancesca Peruzzotti. 260 $aMilano ;$aUdine :$bMimesis,$c2015. 300 $a252 p. ;$c21 cm. 490 0 $aAntropologia della libertŕ ;$v10 500 $aCon dedica autografa. 600 14$aMarion, Jean-Luc <1946- >.$0(OLS)http://semarc/subject/16302 600 14$aHeidegger, Martin <1889-1976>.$0(OLS)http://semarc/subject/986 600 14$aChrétien, Jean-Louis <1952-2019>.$0(OLS)http://semarc/subject/16303 830 0$aAntropologia della libertŕ ;$v10.$0(OLS)http://semarc/title/45223 850 $aSeMil 852 $aSeMil$W1$xVenegono$y1$m2P III 803$j49681$B49681$CSeMilBibl$Z2$F53462 $81 961 $aOmaggio: Altro 996 $6020$a978-88-5753-054-3$9(OLS)http://semarc/number/66162 996 $6245$aLo scritto e il suo lettore :$bin ascolto di Jean-Louis Chrétien, Martin Heidegger, Jean-Luc Marion$9(OLS)http://semarc/title/132318 996 $6260$aMilano ;$aUdine :$bMimesis$9(OLS)http://semarc/publisher/39598